| 000 | 01512nam a2200277Ia 4500 | ||
|---|---|---|---|
| 999 |
_c56407 _d56407 |
||
| 001 | 23520 | ||
| 003 | GE_BSU | ||
| 005 | 20260210172044.0 | ||
| 008 | 181216s2017||||ge |||||||||||||| ||geo|| | ||
| 020 | _a978-99940-59-30-0 | ||
| 040 | _cGE_BSU | ||
| 041 | _ageo | ||
| 080 | _a94(479.22:470) + 94(470:479.22) ვ-26 | ||
| 100 |
_aვაჩნაძე, მერაბ _926859 |
||
| 245 |
_aრუსეთთან ერთად და ურუსეთოდ / _cმერაბ ვაჩნაძე, ვახტანგ გურული ; [რედ. დიმიტრი შველიძე]. |
||
| 264 |
_aთბილისი : _bარტანუჯი, _c2007. |
||
| 300 |
_a128 გვ. : _bფოტ. ; _c29 სმ. |
||
| 500 | _aთავფურცელზე მერაბ ვაჩნაძის სასაჩუქრე მინაწერი ემიგრაციის მუზეუმისადმი | ||
| 541 | _h10 ლ. | ||
| 653 | _aრუსეთთან ერთად და ურუსეთოდ | ||
| 653 | _aსაქართველო-რუსეთის ურთიერთობის ისტორია | ||
| 653 | _aრუსეთ-საქართველოს ურთიერთობის ისტორია | ||
| 700 |
_aგურული, ვახტანგ _e ავტორი _926860 |
||
| 700 |
_aშველიძე, დიმიტრი _eრედაქტორი _926861 |
||
| 942 |
_cBK _2udc |
||